000 01093cam a22002771i 4500
003 SA-RiAUC
005 20250826035407.0
008 250823s2011 jo a g b 000 0 ara c
020 _a9789957800390
040 _aTiibah
_bara
_cSA-RiAUC
_erda
082 0 4 _a251.6
090 _a251.6
_bش و ا
100 1 _aالشوابكة، عدنان ضيف الله.
_eمؤلف.
245 1 2 _aالقواعد الاصولية :
_bتأصيل وتطبيق /
_cعدنان ضيف الله الشوابكه.
250 _aالطبعة الأولى.
264 1 _aعمان، الأردن :
_bدار النفائس للنشر والتوزيع،
_c2011.
300 _a312 صفحة :
_bإيضاحيات ؛
_c24 سم
336 _aنص
_btxt
_2rdacontent
_3كتاب
337 _aبدون وسيط
_bn
_2rdamedia
338 _aمجلد
_bnc
_2rdacarrier
504 _aيشتمل على إرجاعات ببليوجرافية.
650 7 _aالقواعد الفقهية
_2aucsh
650 7 _aأصول الفقه الإسلامي
_2aucsh
942 _2ddc
_cBOOK
_n0
949 _aSA-JeALM
_d250823
_umohamedma123
_n1
999 _c11106
_d11106